Catalog

Record Details

Catalog Search



Letters to young scholars : an introduction to Christian thought  Cover Image Book Book

Letters to young scholars : an introduction to Christian thought / William Carey Ringenberg ; with a foreword by Jay Kesler

Ringenberg, William C., 1939- (Author). Kesler, Jay (Author of introduction, etc.).

Record details

  • ISBN: 0-9621187-8-8 (brož.)
  • Physical Description: xv, 353 s. ; 23 cm
  • Publisher: Upland, Indiana : Taylor University Press, c2010

Content descriptions

Bibliography, etc. Note:
Obsahuje bibliografii a bibliografické odkazy
Subject: křesťanství
křesťanský život
křesťanská víra
křesťanská filozofie
Genre: učební texty
příručky

Available copies

  • 2 of 2 copies available at Common Catalog SPOK.

Holds

  • 0 current holds with 2 total copies.
Show Only Available Copies
Location Call Number / Copy Notes Barcode Shelving Location Status Due Date
ETS Library 248.4 424470013187 Volný výběr Available -
Jabok Library ST-1.6.2 424480030628 Odborná literatura Available -

LDR 01378cam a22003737a 4500
00117907
003CZ-PrJAB
00520130927115700.0
008130208s2010 xxu |000 0|eng||
020 . ‡a0-9621187-8-8 (brož.)
035 . ‡a(CONS)17907
035 . ‡a(CZ PrCU)001555232
040 . ‡aCBD005 ‡bcze ‡dABD156 ‡eAACR2
072 7. ‡a27 ‡xKřesťanství. Křesťanská církev všeobecně. Eklesiologie ‡2Konspekt ‡95
080 . ‡a27 ‡2MRF
080 . ‡a14:27 ‡2MRF
080 . ‡a(07) ‡2MRF
080 . ‡a(035) ‡2MRF
080 . ‡a27-4 ‡2MRF
080 . ‡a27-184.3 ‡2MRF
08214. ‡a248.4
1001 . ‡aRingenberg, William C., ‡d1939- ‡7jcu2013746328 ‡4aut
24510. ‡aLetters to young scholars : ‡ban introduction to Christian thought / ‡cWilliam Carey Ringenberg ; with a foreword by Jay Kesler
260 . ‡aUpland, Indiana : ‡bTaylor University Press, ‡cc2010
300 . ‡axv, 353 s. ; ‡c23 cm
504 . ‡aObsahuje bibliografii a bibliografické odkazy
65007. ‡akřesťanství ‡7ph115073 ‡2czenas
65007. ‡akřesťanský život ‡7ph122132 ‡2czenas
65007. ‡akřesťanská víra ‡7ph122113 ‡2czenas
65007. ‡akřesťanská filozofie ‡7ph138449 ‡2czenas
655 7. ‡aučební texty ‡7fd133599 ‡2czenas
655 7. ‡apříručky ‡7fd133209 ‡2czenas
7001 . ‡aKesler, Jay ‡4aui
910 . ‡aABG450
910 . ‡aABG312
999 . ‡a5332 ‡bAUTOGEN ‡c5332 ‡tbiblio
901 . ‡a17907 ‡b ‡c17907 ‡tbiblio ‡sets

Additional Resources